书目信息 |
| 题名: |
中国传说民居图说:越都篇
|
|
| 作者: | 单德启 , 卢强 编著 | |
| 分册: | ||
| 出版信息: | 北京 清华大学出版社 1999.10 |
|
| 页数: | 152页 | |
| 开本: | 16开 | |
| 丛书名: | ||
| 单 册: | ||
| 中图分类: | TU241.5-64 | |
| 科图分类: | ||
| 主题词: | 民用建筑--建筑设计 | |
| 电子资源: | ||
| ISBN: | 7-302-02867-2 | |
| 000 | 00637nam0 2200205 45 | |
| 001 | 0011291655 | |
| 005 | 20100422154659.85 | |
| 010 | @a7-302-02867-2@d99.00元 | |
| 100 | @a20001129d1999 km y0chiy0120 ea | |
| 101 | 0 | @achi |
| 105 | @a z 000yy | |
| 200 | 1 | @a中国传说民居图说:越都篇@AZhong Guo Chuan Shuo Min Ju Tu Shuo:Yue Dou Pian@f单德启,卢强编著@FDan De Qi,Lu Qiang Bian Zhu |
| 210 | @a北京@c清华大学出版社@d1999.10 | |
| 215 | @a152页@d16开 | |
| 606 | 0 | @a民用建筑@x建筑设计 |
| 690 | @aTU241.5-64@v3 | |
| 701 | 0 | @a单德启@4编著 |
| 701 | 0 | @a卢强@4编著 |
| 801 | @aCN@bPftUser@c20100422 | |
| 905 | @b507624@dTU241.5-64@eSH676/2@f1 | |
| 中国传说民居图说:越都篇/单德启,卢强编著.-北京:清华大学出版社,1999.10 |
| 152页;16开 |
| ISBN 7-302-02867-2:99.00元 |
| ● |
| 相关链接 |
|
|
|
正题名:中国传说民居图说:越都篇
索取号:TU241.5-64/SH676/2
 
预约/预借
| 序号 | 登录号 | 条形码 | 馆藏地/架位号 | 状态 | 备注 |
| 1 | 507624 | 205076246 | 建筑库101/101建筑库 66排3列2层/ [索取号:TU241.5-64/SH676/2] | 在馆 |